Statistics for Vicente Fernandez Quiz

Click here to take the quiz!

General Stats

  • This quiz has been taken 14 times
  • The average score is 8 of 14

Answer Stats

HintAnswer% Correct
What was the day of his death? December __ 202112
100%
When is his birthday? February __ 194017
83%
How many sons did he have?3
83%
What was one of his nicknames?Chente
83%
What was his last film? (1991)Mi querido viejo
67%
Un Millon de __________Primaveras
67%
What is the best Vicente Fernandez song? (in my opinion haha)Motivos
50%
What album did he release in 1989?Por Tu Maldito Amor
50%
What was his most popular song?Volver Volver
50%
Aca _____ NosEntre
33%
What was his first film? (1976)La ley del monte
33%
La Ley Del _____Monte
33%
De Que Manera Te ______Olvido
33%
What album of his won the Best Regional Mexican Album award?Necesito de Ti
17%

Score Distribution

Percentile by Number Answered

Percent of People with Each Score

Your Score History

You have not taken this quiz